| 000 -LEADER |
| fixed length control field |
03736cam a2200541 i 4500 |
| 001 - CONTROL NUMBER |
| control field |
1021065475905721 |
| 003 - CONTROL NUMBER IDENTIFIER |
| control field |
OSt |
| 005 - DATE AND TIME OF LATEST TRANSACTION |
| control field |
20241015105047.0 |
| 008 - FIXED-LENGTH DATA ELEMENTS--GENERAL INFORMATION |
| fixed length control field |
0309s1999 nyua c 000 1 eng |
| 010 ## - LIBRARY OF CONGRESS CONTROL NUMBER |
| LC control number |
99014751 |
| 020 ## - INTERNATIONAL STANDARD BOOK NUMBER |
| International Standard Book Number |
9780062796035 |
| 035 ## - SYSTEM CONTROL NUMBER |
| System control number |
(OCoLC)41086597 |
| Canceled/invalid control number |
(OCoLC)42319925 |
| -- |
(OCoLC)52831795 |
| -- |
(OCoLC)662971280 |
| -- |
(OCoLC)680089532 |
| -- |
(OCoLC)731249061 |
| -- |
(OCoLC)732649990 |
| -- |
(OCoLC)732681519 |
| -- |
(OCoLC)732685923 |
| -- |
(OCoLC)732822092 |
| -- |
(OCoLC)733703648 |
| -- |
(OCoLC)733860993 |
| -- |
(OCoLC)1022633596 |
| 035 ## - SYSTEM CONTROL NUMBER |
| System control number |
(OCoLC)ocm41086597 |
| 040 ## - CATALOGING SOURCE |
| Original cataloging agency |
DLC |
| Language of cataloging |
eng |
| Description conventions |
rda |
| Transcribing agency |
DLC |
| Modifying agency |
OWL |
| -- |
XY4 |
| -- |
OCLCQ |
| -- |
XFF |
| -- |
BAKER |
| -- |
BTCTA |
| -- |
YDXCP |
| -- |
IG# |
| -- |
CKL |
| -- |
CDX |
| -- |
MU3 |
| -- |
VDN |
| -- |
TXBXL |
| -- |
EYP |
| -- |
BDX |
| -- |
VNTRA |
| -- |
OCLCO |
| -- |
KRBYP |
| -- |
OCLCQ |
| -- |
OCLCO |
| -- |
OCLCF |
| -- |
ATMAZ |
| -- |
OCLCQ |
| -- |
CNUXB |
| -- |
MZ3 |
| -- |
AUMCS |
| -- |
OCLCQ |
| -- |
ATMAZ |
| -- |
OCLCO |
| -- |
OCL |
| -- |
OCLCO |
| -- |
ALAUL |
| -- |
OCLCO |
| -- |
OCLCQ |
| -- |
LTP |
| -- |
OCL |
| -- |
OCLCO |
| -- |
TXRHP |
| -- |
CHY |
| -- |
IUK |
| -- |
SHM |
| -- |
NDS |
| -- |
OCL |
| -- |
TXNVM |
| -- |
OCLCA |
| -- |
IMD |
| -- |
OCL |
| -- |
SFR |
| -- |
CHILD |
| -- |
OCLCQ |
| -- |
ILC |
| -- |
GRC |
| -- |
OCLCO |
| -- |
HOCKP |
| -- |
OCL |
| -- |
TAW |
| -- |
VLP |
| -- |
IUL |
| -- |
HLS |
| -- |
KSU |
| -- |
MUO |
| -- |
FWR |
| -- |
MLM |
| -- |
OR9 |
| -- |
TQ7 |
| -- |
CPO |
| -- |
TXJDC |
| -- |
B@L |
| -- |
LMJ |
| -- |
TL4 |
| -- |
OCLCO |
| -- |
LKC |
| -- |
OCLCO |
| -- |
AZZPT |
| -- |
OCLCO |
| -- |
NZAUC |
| -- |
OCLCO |
| -- |
JNG |
| -- |
VD7 |
| -- |
JX9 |
| -- |
NJT |
| -- |
OCLCO |
| -- |
TX6 |
| -- |
BYV |
| -- |
OCLCO |
| -- |
YVQ |
| -- |
OCLCO |
| -- |
OCL |
| -- |
OCLCO |
| -- |
OCLCQ |
| -- |
OCLCO |
| -- |
CNCLB |
| -- |
CEG |
| -- |
KH8 |
| 042 ## - AUTHENTICATION CODE |
| Authentication code |
nbic |
| 082 ## - DEWEY DECIMAL CLASSIFICATION NUMBER |
| Classification number |
FIC SNI |
| 100 1# - MAIN ENTRY--PERSONAL NAME |
| Personal name |
Snicket, Lemony, |
| Relator term |
author. |
| 245 14 - TITLE STATEMENT |
| Title |
The reptile room / |
| Statement of responsibility, etc. |
by Lemony Snicket ; illustrations by Brett Helquist. |
| 250 ## - EDITION STATEMENT |
| Edition statement |
First edition. |
| 264 #1 - PRODUCTION, PUBLICATION, DISTRIBUTION, MANUFACTURE, AND COPYRIGHT NOTICE |
| Place of production, publication, distribution, manufacture |
New York : |
| Name of producer, publisher, distributor, manufacturer |
HarperCollinsPublishers, |
| Date of production, publication, distribution, manufacture, or copyright notice |
1999. |
| 300 ## - PHYSICAL DESCRIPTION |
| Extent |
190 pages : |
| Other physical details |
illustrations ; |
| Dimensions |
19 cm. |
| 336 ## - CONTENT TYPE |
| Content type term |
text |
| Content type code |
txt |
| Source |
rdacontent. |
| 337 ## - MEDIA TYPE |
| Media type term |
unmediated |
| Media type code |
n |
| Source |
rdamedia. |
| 338 ## - CARRIER TYPE |
| Carrier type term |
volume |
| Carrier type code |
nc |
| Source |
rdacarrier. |
| 490 1# - SERIES STATEMENT |
| Series statement |
A series of unfortunate events ; |
| Volume/sequential designation |
bk. 2. |
| 520 ## - SUMMARY, ETC. |
| Summary, etc. |
Dear Reader, if you have picked up this book with the hope of finding a simple and cheery tale, I'm afraid you have picked up the wrong book altogether. The story may seem cheery at first, when the Baudelaire children spend time in the company of some interesting reptiles and a giddy uncle, but don't be fooled. If you know anything at all about the unlucky Baudelaire children, you already know that even pleasant events lead down the same road to misery. In fact, within the pages you now hold in your hands, the three siblings endure a car accident, a terrible odor, a deadly serpent, a long knife, a large brass reading lamp, and the appearance of a person they'd hoped never to see again. I am bound to record these tragic events, but you are free to put this book back on the shelf and seek something lighter. With all due respect, Lemony Snicket. |
| 521 1# - TARGET AUDIENCE NOTE |
| Target audience note |
Ages 8-12. |
| 600 10 - SUBJECT ADDED ENTRY--PERSONAL NAME |
| Personal name |
Baudelaire, Violet |
| Titles and other words associated with a name |
(Fictitious character) |
| Form subdivision |
Juvenile fiction. |
| 600 10 - SUBJECT ADDED ENTRY--PERSONAL NAME |
| Personal name |
Baudelaire, Klaus |
| Titles and other words associated with a name |
(Fictitious character) |
| Form subdivision |
Juvenile fiction. |
| 600 10 - SUBJECT ADDED ENTRY--PERSONAL NAME |
| Personal name |
Baudelaire, Sunny |
| Titles and other words associated with a name |
(Fictitious character) |
| Form subdivision |
Juvenile fiction. |
| 600 17 - SUBJECT ADDED ENTRY--PERSONAL NAME |
| Personal name |
Baudelaire, Klaus |
| Titles and other words associated with a name |
(Fictitious character) |
| Source of heading or term |
fast |
| Authority record control number or standard number |
(OCoLC)fst00828936. |
| 600 17 - SUBJECT ADDED ENTRY--PERSONAL NAME |
| Personal name |
Baudelaire, Violet |
| Titles and other words associated with a name |
(Fictitious character) |
| Source of heading or term |
fast |
| Authority record control number or standard number |
(OCoLC)fst00828938. |
| 600 17 - SUBJECT ADDED ENTRY--PERSONAL NAME |
| Personal name |
Baudelaire, Sunny |
| Titles and other words associated with a name |
(Fictitious character) |
| Source of heading or term |
fast |
| Authority record control number or standard number |
(OCoLC)fst00828937. |
| 650 #0 - SUBJECT ADDED ENTRY--TOPICAL TERM |
| Topical term or geographic name entry element |
Orphans |
| Form subdivision |
Juvenile fiction. |
| 650 #0 - SUBJECT ADDED ENTRY--TOPICAL TERM |
| Topical term or geographic name entry element |
Brothers and sisters |
| Form subdivision |
Juvenile fiction. |
| 650 #0 - SUBJECT ADDED ENTRY--TOPICAL TERM |
| Topical term or geographic name entry element |
Traffic accidents |
| Form subdivision |
Juvenile fiction. |
| 650 #0 - SUBJECT ADDED ENTRY--TOPICAL TERM |
| Topical term or geographic name entry element |
Uncles |
| Form subdivision |
Juvenile fiction. |
| 650 #7 - SUBJECT ADDED ENTRY--TOPICAL TERM |
| Topical term or geographic name entry element |
Brothers and sisters. |
| Source of heading or term |
fast |
| Authority record control number or standard number |
(OCoLC)fst00839671. |
| 650 #7 - SUBJECT ADDED ENTRY--TOPICAL TERM |
| Topical term or geographic name entry element |
Orphans. |
| Source of heading or term |
fast |
| Authority record control number or standard number |
(OCoLC)fst01048433. |
| 650 #7 - SUBJECT ADDED ENTRY--TOPICAL TERM |
| Topical term or geographic name entry element |
Traffic accidents. |
| Source of heading or term |
fast |
| Authority record control number or standard number |
(OCoLC)fst01153997. |
| 650 #7 - SUBJECT ADDED ENTRY--TOPICAL TERM |
| Topical term or geographic name entry element |
Uncles. |
| Source of heading or term |
fast |
| Authority record control number or standard number |
(OCoLC)fst01160857. |
| 655 #7 - INDEX TERM--GENRE/FORM |
| Genre/form data or focus term |
Humorous fiction. |
| Source of term |
fast |
| Authority record control number or standard number |
(OCoLC)fst01726649. |
| 655 #7 - INDEX TERM--GENRE/FORM |
| Genre/form data or focus term |
Fiction. |
| Source of term |
fast |
| Authority record control number or standard number |
(OCoLC)fst01423787. |
| 655 #7 - INDEX TERM--GENRE/FORM |
| Genre/form data or focus term |
Juvenile works. |
| Source of term |
fast |
| Authority record control number or standard number |
(OCoLC)fst01411637. |
| 700 1# - ADDED ENTRY--PERSONAL NAME |
| Personal name |
Helquist, Brett, |
| Relator term |
illustrator. |
| 800 1# - SERIES ADDED ENTRY--PERSONAL NAME |
| Personal name |
Snicket, Lemony. |
| Title of a work |
Series of unfortunate events ; |
| Volume/sequential designation |
bk. 2. |
| 942 ## - ADDED ENTRY ELEMENTS (KOHA) |
| Source of classification or shelving scheme |
|
| Koha item type |
Books - Fiction |